|
|
|
|
| LEADER |
01753nam a2200421Ia 4500 |
| 001 |
EBC3412247 |
| 003 |
MiAaPQ |
| 005 |
20200520144314.0 |
| 006 |
m o d | |
| 007 |
cr cn||||||||| |
| 008 |
920804s1992 bcca sb 101 0 eng d |
| 010 |
|
|
|z 92194627
|
| 020 |
|
|
|z 0774804041 (alk. paper)
|
| 020 |
|
|
|z 0774804173 (pbk.)
|
| 035 |
|
|
|a (MiAaPQ)EBC3412247
|
| 035 |
|
|
|a (Au-PeEL)EBL3412247
|
| 035 |
|
|
|a (CaPaEBR)ebr10141387
|
| 035 |
|
|
|a (CaONFJC)MIL322535
|
| 035 |
|
|
|a (OCoLC)923443667
|
| 040 |
|
|
|a MiAaPQ
|c MiAaPQ
|d MiAaPQ
|
| 050 |
|
4 |
|a HF1479
|b .C387 1992
|
| 082 |
0 |
4 |
|a 337.71
|2 20
|
| 245 |
0 |
0 |
|a Canadian foreign policy and international economic regimes
|h [electronic resource] /
|c edited by A. Claire Cutler and Mark W. Zacher.
|
| 260 |
|
|
|a Vancouver :
|b UBC Press,
|c c1992.
|
| 300 |
|
|
|a vi, 431 p. :
|b ill.
|
| 490 |
1 |
|
|a Canada and international relations,
|x 0847-0510 ;
|v v. 5
|
| 500 |
|
|
|a Papers presented at the Conference on Canada and International Economic Regimes, held at the University of British Columbia, Vancouver, May 30-31, 1990.
|
| 504 |
|
|
|a Includes bibliographical references (p. [345]-414) and index.
|
| 533 |
|
|
|a Electronic reproduction. Ann Arbor, MI : ProQuest, 2015. Available via World Wide Web. Access may be limited to ProQuest affiliated libraries.
|
| 650 |
|
0 |
|a International relations.
|
| 651 |
|
0 |
|a Canada
|x Foreign economic relations
|v Congresses.
|
| 651 |
|
0 |
|a Canada
|x Foreign relations
|v Congresses.
|
| 655 |
|
4 |
|a Electronic books.
|
| 700 |
1 |
|
|a Cutler, A. Claire.
|
| 700 |
1 |
|
|a Zacher, Mark W.
|
| 710 |
2 |
|
|a ProQuest (Firm)
|
| 830 |
|
0 |
|a Canada and international relations ;
|v 5.
|
| 856 |
4 |
0 |
|u https://ebookcentral.proquest.com/lib/matrademy/detail.action?docID=3412247
|z Click to View
|